[Event "CRO-chT"]
[Site "Pula"]
[Date "1999.09.14"]
[Round "5"]
[White "Djukic, Zeljko2"]
[Black "Devcic, Ivan"]
[Result "1-0"]
[WhiteElo "2246"]
[BlackElo "2305"]
[PlyCount "26"]
[EventDate "1999.09.05"]
[EventType "team-tourn"]
[EventRounds "9"]
[EventCountry "CRO"]
[SourceTitle "EXT 2000"]
[Source "ChessBase"]
[SourceDate "1999.11.16"]
[SourceVersion "1"]
[SourceVersionDate "1999.11.16"]
[SourceQuality "1"]

1. d4 Nf6 2. Nf3 c5 3. e3 g6 4. Be2 Bg7 5. 0-0 0-0 6. Nbd2 d6 7. c3 b6 8. e4 cxd4 9. Nxd4 Bb7 10. f3 e5 11. Nc2 d5 12. exd5 Nxd5 13. Ne4 f5 1-0

[Event "Zagreb op"]
[Site "Zagreb"]
[Date "1998.01.11"]
[Round "9"]
[White "Devcic, Ivan"]
[Black "Bilic, Mario"]
[Result "1-0"]
[WhiteElo "2295"]
[BlackElo "2275"]
[PlyCount "65"]
[EventDate "1998.01.03"]
[EventType "swiss"]
[EventRounds "9"]
[EventCountry "CRO"]
[SourceTitle "CBM 062 Extra"]
[Source "ChessBase"]
[SourceDate "1998.03.09"]
[SourceVersion "1"]
[SourceVersionDate "1998.03.09"]
[SourceQuality "1"]

1. e4 c5 2. Nf3 e6 3. d4 cxd4 4. Nxd4 Nf6 5. Nc3 d6 6. Bg5 Be7 7. Qd3 h6 8. Bh4 g5 9. Bg3 Nbd7 10. 0-0-0 a6 11. h4 Rg8 12. hxg5 hxg5 13. Kb1 Ne5 14. Qe2 Qc7 15. f4 gxf4 16. Bxf4 Bd7 17. Nf3 b5 18. Qe1 Rc8 19. Rc1 Bc6 20. a3 Rb8 21. Nd4 Bd7 22. Rh3 Qb7 23. Nb3 Nc4 24. e5 dxe5 25. Bxe5 Nxe5 26. Qxe5 Bc6 27. Na5 Nd7 28. Qf4 Qb6 29. Nxc6 Qxc6 30. Rf3 f5 31. Na2 Rg4 32. Qh2 Nf6 33. Qh8+ 1-0

[Event "Zagreb op"]
[Site "Zagreb"]
[Date "1998.01.09"]
[Round "7"]
[White "Loncar, Robert"]
[Black "Devcic, Ivan"]
[Result "1-0"]
[WhiteElo "2405"]
[BlackElo "2295"]
[PlyCount "93"]
[EventDate "1998.01.03"]
[EventType "swiss"]
[EventRounds "9"]
[EventCountry "CRO"]
[SourceTitle "CBM 062 Extra"]
[Source "ChessBase"]
[SourceDate "1998.03.09"]
[SourceVersion "1"]
[SourceVersionDate "1998.03.09"]
[SourceQuality "1"]

1. e4 c5 2. Nf3 e6 3. b3 a6 4. Bb2 d6 5. g3 e5 6. Bg2 Nf6 7. d3 g6 8. 0-0 Bg7 9. a3 0-0 10. b4 b6 11. Nbd2 Nc6 12. bxc5 bxc5 13. Nc4 Rb8 14. Bc3 Bg4 15. Qd2 Qd7 16. Rfb1 Bxf3 17. Bxf3 Nd4 18. Bxd4 cxd4 19. Qa5 Qc6 20. Rb4 Rb5 21. Qa4 Rfb8 22. Rab1 Nd7 23. Qb3 Nc5 24. Qa2 Na4 25. R1b3 Nc3 26. Qb2 Qc5 27. Nd2 Bh6 28. Nb1 Nxb1 29. Qxb1 Bd2 30. Ra4 Qb6 31. Rc4 Kg7 32. Qa2 Bc3 33. Bd1 a5 34. Rxb5 Qxb5 35. Rc7 Qe8 36. Bg4 Kf6 37. Qd5 Rb6 38. Kg2 a4 39. f4 Bb2 40. fxe5+ dxe5 41. Qc5 Rb8 42. Qd6+ Kg5 43. Re7 Qf8 44. Qxe5+ Kh6 45. Qf6 Qh8 46. Qf4+ g5 47. Qxf7 1-0

[Event "Zagreb op"]
[Site "Zagreb"]
[Date "1998.01.05"]
[Round "3"]
[White "Devcic, Ivan"]
[Black "Sevo, Igor"]
[Result "1-0"]
[WhiteElo "2295"]
[BlackElo "2150"]
[PlyCount "41"]
[EventDate "1998.01.03"]
[EventType "swiss"]
[EventRounds "9"]
[EventCountry "CRO"]
[SourceTitle "CBM 062 Extra"]
[Source "ChessBase"]
[SourceDate "1998.03.09"]
[SourceVersion "1"]
[SourceVersionDate "1998.03.09"]
[SourceQuality "1"]

1. e4 e5 2. Nf3 d6 3. d4 Nd7 4. Bc4 Ngf6 5. Nc3 c6 6. dxe5 dxe5 7. Ng5 Bb4 8. Nxf7 Qa5 9. Bd2 Rf8 10. a3 Bxc3 11. Bxc3 Qc7 12. Nd6+ Kd8 13. Qd2 g6 14. Rd1 Nd5 15. Qg5+ Rf6 16. Nxc8 h6 17. Qxh6 b5 18. Bb3 Kxc8 19. exd5 c5 20. d6 Rxd6 21. Bd5 1-0